=LDR 00000nam 2200000 4500 =001 INLIS000000000049593 =005 20170302110905.0 =006 =007 =008 =020 ##$$a 978-602-7686-29-5 =035 ##$$0010-031700000000038 =040 ##$$a NBPDMAT =082 ##$$a 297 723 =090 ##$$a 297 723 muh n =100 ##$$a Muhammad Gufron Haromain =245 ##$$a Mutiara - Mutiara Hikmah : kumpulan nasihat santri ilmu pengetahuan dan budi pekerti / $c Muhammad ghufron hanmam QH . dkk ; editor ustads hurnawijaya, QH,S HI, s.pd =260 ##$$a Pringgabaya : $b KSU Primaguna, $c 2015 =300 ##$$a xxi,122 hlm ; $c 21 cm =500 ##$$a Biliografi : hlm.122 =650 ##$$a Materi dakwah =700 ##$$a Hurnawijaya =990 ##$$a 286/46/2017 =990 ##$$a 21603425 =990 ##$$a 21603426 =990 ##$$a 21603427 =990 ##$$a 21603428 =990 ##$$a 286/46/2017 =990 ##$$a 21603425 =990 ##$$a 21603426 =990 ##$$a 21603427 =990 ##$$a 286/46/2017 =990 ##$$a 286/46/2017 =990 ##$$a 21603425 =990 ##$$a 21603426 =990 ##$$a 286/46/2017 =990 ##$$a 286/46/2017 =990 ##$$a 286/46/2017 =990 ##$$a 21603425 =990 ##$$a 286/46/2017 =990 ##$$a 286/46/2017 =990 ##$$a 286/46/2017 =990 ##$$a 286/46/2017 =990 ##$$a 286/46/2017 =990 ##$$a 286/46/2017 =990 ##$$a 286/46/2017 =990 ##$$a 286/46/2017